Danger! women artists at work /

Bibliographic Details
Main Author: Mancoff, Debra N., 1950-
Format: Book
Language:English
Published: London ; New York : Merrell, 2012.
Subjects:

MARC

Tag First Indicator Second Indicator Subfields
LEADER 00000cam a2200000Ia 4500
001 in00002786766
005 20151202171640.0
008 120412s2012 enka b 001 0 eng d
020 |a 9781858945644 
020 |a 185894564X 
035 |a (OCoLC)ocn785869891 
040 |a BTCTA  |c BTCTA  |d BDX  |d YDX  |d YNK  |d CDX  |d NDD  |d OUN  |d BWX  |d UtOrBLW 
049 |a TXAM 
082 0 |a 704.042  |2 23 
090 |a N8354  |b .M363 2012 
100 1 |a Mancoff, Debra N.,  |d 1950- 
245 1 0 |a Danger! women artists at work /  |c Debra N. Mancoff. 
246 3 |a Women artists at work 
264 1 |a London ;  |a New York :  |b Merrell,  |c 2012. 
300 |a 159 pages :  |b color illustrations ;  |c 29 cm. 
336 |a text  |b txt  |2 rdacontent 
337 |a unmediated  |b n  |2 rdamedia 
338 |a volume  |b nc  |2 rdacarrier 
504 |a Includes bibliographical references and index 
650 0 |a Women artists  |x History. 
650 0 |a Women in art. 
945 |a PromptCat  |b 115751 
946 |a stk 
947 |a A14836011230 
948 |a cataloged  |b h  |c 2012/12/7  |d c  |e dmitchel  |f 11:50:30 am 
994 |a 92  |b TXA 
999 |a MARS 
999 f f |s b5ca6747-f4c2-31b7-a93d-151cdbcf1b0c  |i 8b1b9c75-46b6-368d-a573-d46c4146aa4f  |t 0 
952 f f |p normal  |a Texas A&M University  |b College Station  |c Sterling C. Evans Library  |d Evans: Library Stacks  |t 0  |e N8354 .M363 2012  |h Library of Congress classification  |i unmediated -- volume  |m A14836011230 
998 f f |a N8354 .M363 2012  |t 0  |l Evans: Library Stacks